[Event "15th ETC"]
[Site "Gothenburg SWE"]
[Date "2005.08.03"]
[Round "5"]
[White "Radjabov, Teimour"]
[Black "Gelfand, Boris"]
[Result "0-1"]
[WhiteElo "2682"]
[BlackElo "2724"]
[Annotator "Illescas, M"]
[PlyCount "62"]
[EventDate "2005.07.30"]
[EventType "team"]
[EventRounds "9"]
[EventCountry "SWE"]
[Source "EDAMI"]
[SourceDate "2006.12.20"]

1. e4 c5 2. Nf3 d6 3. d4 cxd4 4. Nxd4 Nf6 5. Nc3 a6 {La ultra-popular variante
Najdorf está viviendo sus años dorados hasta el punto de que las estadísticas
a alto nivel favorecen en los últimos torneos a las negras.} 6. Bg5 e6 7. f4
Nbd7 ({Gelfand rehusa por esta vez entrar en un duelo teórico en la famosa
línea del peón envenenado que empieza con} 7... Qb6) 8. Bc4 {
Un tratamiento muy ambicioso que requiere un juego preciso de las negras.} Qb6
9. Qd2 $6 {Demasiado agresiva.} ({Más prudente es} 9. Bb3 Be7 10. f5 Nc5 11.
fxe6 fxe6 12. Be3 Qc7 13. O-O b5 14. a3 Nxb3 15. cxb3 O-O 16. b4 Qd7 17. Qe2
$11 {Bronstein,D-Savon,V/Dnepropetrovsk 1970}) 9... Qxb2 10. Rb1 Qa3 {DIAGRAMA}
11. Bxe6 $6 {Un arriesgado intento de poner a prueba la preparación de Gelfand
que conducirá a un tremendo fracaso.} fxe6 12. Nxe6 Kf7 $1 $146 {
Las negras, de modo natural, apartan el rey y atacan al caballo.} ({El único pr
ecedente se había dado a nivel amateur en una partida divertida, una auténtica
"comedia de errores":} 12... Qa5 13. O-O h6 14. Bh4 Kf7 15. f5 Be7 16. Qd3 Ne5
$17 17. Qh3 b5 18. Bxf6 Bxf6 19. Qh5+ Kg8 20. Nd5 Kh7 21. Nxf6+ gxf6 22. Rb3
Qd2 $4 (22... Bxe6 $19) 23. Rd3 $1 Qxc2 (23... Nxd3 24. Qf7#) 24. Rg3 $4 (24.
Qxh6+ Kxh6 25. Rh3# {mate}) 24... Bxe6 25. fxe6 Rhg8 $19 26. Rxf6 Qc1+ 27. Rf1
Qc5+ 28. Kh1 Rxg3 29. hxg3 Qe3 $4 (29... Qc7 30. Qf5+ Kg8 $19) 30. e7 $18 Qxg3
31. e8=Q $6 (31. Rf8 $1 $18) 31... Rxe8 32. Qxe8 Qh4+ 33. Kg1 Qxe4 $2 (33...
Qg5 $16) 34. Rf7+ Nxf7 35. Qxe4+ {1-0 Beil,Z-Watzlawek,M/Sueder 1996}) 13. f5
Qa5 14. O-O {Con solo un peón por la pieza Radjabov centra sus esperanzas en
la ventaja de desarrollo. Pero como demostrará esta partida se necesita algo
más para justificar la entrega de una pieza frente a un GM de experiencia como
Gelfand.} b5 {DIAGRAMA} 15. a4 {Mal síntoma cuando las blancas desarrollan su
iniciativa en el flanco de dama. Las negras entregan un segundo peón para
acelerar el desarrollo de su flanco de dama.} Bb7 16. axb5 Rc8 17. bxa6 Bxa6
18. Rf3 Be7 19. Rg3 Rhg8 {No hay amenazas y las negras han logrado organizarse
pese a la presencia del poderoso caballo enemigo en e6, que será pronto
expulsado.} {DIAGRAMA} 20. Qe1 Bc4 21. Ra1 Qb6+ 22. Be3 Qc6 23. Nd4 Qc7 24. Nf3
Rge8 {Por fin completan las negras el desarrollo; el balance de dos peones es
claramente insuficiente con tantas piezas en el tablero. Gelfand resolverá
fácilmente la partida.} 25. Ra7 Qb8 26. Bd4 Bf8 27. Qc1 Rc7 28. Ra5 Kg8 29. Qg5
$6 {El último "ataque" de las blancas.} Nxe4 $1 30. Nxe4 Qb1+ 31. Kf2 Qf1+ {
con mate en pocas.} 0-1

[Event "15th ETC"]
[Site "Gothenburg SWE"]
[Date "2005.08.04"]
[Round "6"]
[White "Motylev, Alexander"]
[Black "Timman, Jan H"]
[Result "0-1"]
[WhiteElo "2675"]
[BlackElo "2625"]
[Annotator "Illescas, M"]
[PlyCount "86"]
[EventDate "2005.07.30"]
[EventType "team"]
[EventRounds "9"]
[EventCountry "SWE"]
[Source "EDAMI"]
[SourceDate "2006.12.20"]

1. e4 e5 2. Nf3 Nc6 3. Bb5 a6 4. Ba4 d6 5. O-O Bd7 6. c3 Nge7 7. d4 Ng6 8. d5
Nb8 9. c4 Be7 10. Nc3 h6 11. b4 a5 12. a3 O-O 13. Be3 Bxa4 14. Nxa4 Nd7 15. c5
axb4 16. axb4 Nh4 17. Nxh4 Bxh4 {Motylev ha jugado bien logrando una versión
algo favorable de las defensas indias. Sin embargo a partir de ahora su juego
empieza a flojear.} 18. f3 Bg5 19. Bf2 f5 20. c6 {DIAGRAMA} fxe4 $1 {Timman ent
rega pieza con buen criterio ya que una defensa pasiva está condenada al
fracaso.} 21. cxd7 (21. cxb7 Rb8 22. fxe4 Rxb7 23. Rb1 $11) 21... exf3 $1 22.
gxf3 Qxd7 {La mala posición del Na4 ofrece a las negras buena compensación.}
23. Kg2 (23. Nc3 $6 Rxa1 24. Qxa1 Rxf3 25. Ne4 Qg4+ 26. Ng3 h5) 23... e4 $1 24.
fxe4 Bf6 25. Ra2 ({Seguramente era mejor} 25. Nc5 dxc5 26. Rxa8 Rxa8 27. bxc5 {
llegando a la misma posición de la partida pero con el peón negro en b7. Es
evidente que Motylev subestimó la fuerza de este peón.}) 25... b5 26. Nc5 dxc5
27. Rxa8 Rxa8 28. bxc5 Re8 {A partir de ahora el juego de las blancas es
claramente más débil que el de su rival, con pequeñas imprecisiones que
permiten a las negras hacerse poco a poco con la iniciativa.} 29. Re1 $6 (29.
Qf3) 29... Bc3 30. Re3 b4 31. Bg3 (31. c6 Qe7 32. Bg3 Qg5 33. Qf3 Be5 $13)
31... c6 $5 32. Qa4 $6 (32. Bd6) 32... Rc8 33. d6 $6 (33. Qb3 cxd5 34. Bd6 Qg4+
35. Kf1 $1) 33... Qe6 $17 {
Por fin las negras han bloqueado los peones enemigos.} 34. Qd1 Ra8 35. e5 Ra2+
36. Re2 b3 {El peón b demuestra ahora su fuerza.} 37. Rxa2 ({Más lógica era} 
37. Rf2 {aunque tras} Ra7 38. Qd3 b2 39. Rf1 Ra1 $1 40. Rb1 Rxb1 41. Qxb1 Kf7 {
las negras deben ganar.}) 37... bxa2 38. d7 Ba5 $1 39. d8=Q+ $2 (39. Qd4 {
ofrecía más resistencia, aunque tras} Kf7 40. Be1 Bc7 41. Bc3 Ke7 42. Qd2 Kd8 {
las negras pueden maniobrar libremente con su dama hasta lograr el triunfo.})
39... Bxd8 40. Qxd8+ Kh7 $19 {El peón a es imparable debido a la mala posición
del rey blanco que posibilita todo tipo de jaques que la dama negra usará para
apoyar su peón.} 41. Qa5 (41. Qd3+ Qg6 42. Qa3 Qb1 $19) 41... Qb3 42. Bf2 Qd5+
$1 43. Kh3 Qf3+ (43... Qf3+ 44. Bg3 Qf1+ 45. Kg4 a1=Q $19) 0-1

[Event "15th ETC"]
[Site "Gothenburg SWE"]
[Date "2005.08.05"]
[Round "7"]
[White "Svidler, Peter"]
[Black "Almasi, Zoltan"]
[Result "1-0"]
[WhiteElo "2738"]
[BlackElo "2619"]
[Annotator "Illescas, M"]
[PlyCount "47"]
[EventDate "2005.07.30"]
[EventType "team"]
[EventRounds "9"]
[EventCountry "SWE"]
[Source "EDAMI"]
[SourceDate "2006.12.20"]

1. e4 e5 2. Nf3 Nc6 3. Bb5 Nf6 4. d3 {Cada vez son más los jugadores que
rehusan intentar quebrar el "Muro de Berlín" y se conforman con esta modesta
jugada.} d6 5. O-O Bd7 6. c3 g6 7. Nbd2 Bg7 8. Re1 O-O 9. Ba4 Qe8 10. Bb3 Nh5
11. Nf1 {DIAGRAMA} Nd8 $6 {
Sinceramente no me gusta nada el plan de llevar el caballo a e6.} ({El propio A
lmasi ya había sufrido una derrota en esta posición, a pesar de lo cuál
exhibió en esta partida un juego muy pobre:} 11... Kh8 12. Ne3 Nd8 13. d4 Ne6
14. Nc4 f6 15. a4 Rd8 16. a5 Nef4 17. Ne3 f5 18. exf5 gxf5 19. Nd5 Nxd5 20.
Bxd5 e4 21. Ng5 Nf6 22. Bxb7 Qg6 23. Nh3 Rg8 24. Nf4 $18 {
Efimenko,Z-Almasi,Z/Kreuzberg 2004}) 12. d4 Ne6 13. Ng3 Nef4 $6 ({
Quizá sea mejor} 13... Nxg3 14. hxg3 Qe7 15. Be3 $14) 14. Be3 Qe7 15. Nxh5 Nxh5
16. dxe5 dxe5 17. Qd5 Bc6 18. Qc4 {Las blancas han optado por jugar una
estructura de peones simétrica donde confían en hacer valer la mejor
disposición de sus piezas menores.} {DIAGRAMA} Nf4 $2 {Este caballo no va a
ninguna parte y gastando este tiempo se permite una secuencia simplificadora
muy favorable para las blancas.} ({Era mejor} 18... Rfd8 19. Ng5 Be8 $14) 19.
Bc5 Qd7 20. Bxf8 Rxf8 ({Quizá Almasi confiaba en} 20... Qg4 $4 {pero tras} 21.
Qxf7+ Kh8 22. Qxg7# {las blancas dan mate primero}) 21. h3 $1 Bb5 22. Rad1 $1
Qxd1 23. Rxd1 Bxc4 24. Bxc4 $18 {DIAGRAMA  La ventaja blanca es tan sencilla
como decisiva. Sus tres piezas son mucho mejores que las de su rival y
concretamente el dominio de la columna abierta les garantiza la victoria. A
pesar de su resistencia Almasi debió inclinar su rey en la jugada 49.} 1-0

[Event "15th ETC"]
[Site "Gothenburg SWE"]
[Date "2005.08.07"]
[Round "9"]
[White "Berg, Emanuel"]
[Black "Bareev, Evgeny"]
[Result "1-0"]
[WhiteElo "2539"]
[BlackElo "2688"]
[Annotator "Illescas, M"]
[PlyCount "63"]
[EventDate "2005.07.30"]
[EventType "team"]
[EventRounds "9"]
[EventCountry "SWE"]
[Source "EDAMI"]
[SourceDate "2006.12.20"]

1. e4 e6 2. d4 d5 3. Nc3 Nf6 4. Bg5 dxe4 5. Nxe4 Be7 6. Bxf6 Bxf6 7. Nf3 O-O 8.
Qd2 Be7 9. Bd3 Nd7 10. O-O-O b6 11. h4 Bb7 12. Qe2 ({Bareev es uno de los
mayores especialistas en esta variante. Un ejemplo reciente:} 12. c3 c5 13.
Neg5 h6 14. Bh7+ Kh8 15. Bc2 Bxf3 16. Nxf3 Nf6 17. Kb1 Qc7 18. Qe2 cxd4 19.
Nxd4 h5 20. f3 Bc5 21. g4 Rad8 22. Nb3 g6 23. a3 Kg7 24. Qc4 Bd6 25. Qe2 Bc5 {
1/2-1/2 Anand,V-Bareev,E/Monte Carlo 2003}) 12... c5 $6 $146 {Una novedad muy
ambiciosa con la que las negras pretenden hacerse con la iniciativa.} ({
Se había jugado} 12... Nf6 13. Neg5 Bxf3 14. Nxf3 Qd6 15. Ne5 c5 16. dxc5 Qxc5
17. Kb1 Bd6 18. f4 h5 {1/2-1/2 Dominguez,L-Nogueiras,J/Havana 2001}) 13. dxc5
Qc7 14. Neg5 $1 ({Tras} 14. cxb6 $6 axb6 {
las negras se harían con la iniciativa gracias a la apertura de la columna a.})
14... Nf6 15. Ne5 h6 $6 {Muy optimista.} ({Era mejor} 15... Bxc5 {
sin debilitar el enroque}) {
DIAGRAMA  Ahora las blancas inician una combinación de largo alcance.} 16. Bg6
$5 {El ataque sobre f7 obliga a las blancas a capturar alguna de las piezas
agresoras.} hxg5 {Bareev quiere comprobar que han visto las blancas.} ({
Quizá ofrecía mejores posibilidades de defensa} 16... fxg6 17. Nxe6 Qc8 18.
Nxf8 Bxf8 19. Qc4+ Kh7 20. c6 Ba6 21. Qf7 Qe8) 17. hxg5 fxg6 {
Ahora son dos piezas de ventaja, pero el blanco sigue con su idea...} 18. Nxg6
$1 {Amenaza tomar en e6 seguido de mate en h8.} {DIAGRAMA} Ne4 {Defensa activa.
} ({Parece insuficiente} 18... Nh7 19. Qxe6+ Rf7 20. f4 $1 Bxg5 $1 21. fxg5
Bxg2 22. Rxh7 $3 Kxh7 23. Ne5 $1 Re7 24. g6+ $1 Kh6 (24... Kh8 25. Rh1+ Bxh1
26. Qh3+ Kg8 27. Qh7+ Kf8 28. Qh8# {mate}) 25. Nf7+ $1 Rxf7 26. gxf7+ g6 27.
Rd6 $18) 19. Rh8+ $1 {Berg conduce el ataque con gran energía y precisión.} Kf7
20. Ne5+ $1 {!Tercera pieza sacrificada!} Qxe5 21. Qh5+ {Por fin las blancas
reciben el premio a su brillantez: la dama entra con fuerza y la única defensa
negra pasa por sacrificar su propia dama en defensa de su rey.} g6 22. Rh7+ Qg7
23. Rxg7+ Kxg7 24. Qh6+ Kf7 25. Qh7+ Ke8 26. Qxg6+ Rf7 {DIAGRAMA  Las negras
disponen todavía de gran ventaja material pero la llama del ataque sigue viva..
.} 27. c6 $1 Bxc6 $6 {
Por fin Bareev sucumbe ante el juego enérgico de su rival.} ({
Ofrecía mejores perspectivas} 27... Bxg5+ 28. Kb1 Bxc6 29. Qxe6+ Kf8 30. Qxc6
Re8 31. f3 $14) 28. Qxe6 Bb7 $2 {
Las negras se empeñan en conservar el material y con ello sellan su destino.} (
{Mucho mejor era} 28... Kf8) 29. g6 $18 {Era más importante eliminar este peón
que conservar el alfil. Ahora no hay defensa.} Rg7 30. Rh1 $3 {
La torre ejecuta la maniobra decisiva. La entrada en octava es imparable.} Nf6
31. Rh8+ Rg8 32. g7 1-0

[Event "15th ETC"]
[Site "Gothenburg SWE"]
[Date "2005.08.07"]
[Round "9"]
[White "Lopez Martinez, Josep Manuel"]
[Black "Collins, Sam"]
[Result "1-0"]
[WhiteElo "2507"]
[BlackElo "2413"]
[PlyCount "43"]
[EventDate "2005.07.30"]
[EventType "team"]
[EventRounds "9"]
[EventCountry "SWE"]
[Source "EDAMI"]
[SourceDate "2006.12.20"]

1. e4 d6 2. d4 Nf6 3. Nc3 g6 4. Be3 c6 5. Qd2 b5 6. Bd3 Nbd7 7. Nf3 e5 8. dxe5
dxe5 9. h3 Bb7 10. O-O Bg7 11. a4 a6 12. Ne2 Qe7 13. Ng3 Nc5 $6 (13... O-O) 14.
axb5 cxb5 15. b4 $1 Ncxe4 $6 (15... Ncd7 16. c4 $14) 16. Nxe4 Nxe4 17. Bxe4
Bxe4 18. Bc5 $1 Qb7 {DIAGRAMA} 19. Rfd1 $1 (19. Rad1 f6 20. Rfe1 Bf5 21. g4 Be6
22. g5 Kf7 23. Qe3 Rhe8 $15 {
Rodriguez Guerrero,E-Franco Ocampos,Z/Dos Hermanas 2003}) 19... Bf6 (19... Bxf3
20. gxf3 Qc7 $16) (19... f6 20. Rxa6 $1 $16) 20. Qc3 $1 Be7 (20... Bxf3 21.
gxf3 $16) 21. Nxe5 Bxc5 (21... O-O 22. Rd7) 22. Nd7 $1 (22. Nd7 O-O-O 23. Nxc5
Qc6 24. Nxe4 $18) 1-0

[Event "15th ETC"]
[Site "Gothenburg SWE"]
[Date "2005.08.07"]
[Round "9"]
[White "Sokolov, Ivan"]
[Black "Socko, B."]
[Result "1-0"]
[WhiteElo "2691"]
[BlackElo "2615"]
[Annotator "Illescas, M"]
[PlyCount "71"]
[EventDate "2005.07.30"]
[EventType "team"]
[EventRounds "9"]
[EventCountry "SWE"]
[Source "EDAMI"]
[SourceDate "2006.12.20"]

{Esta partida valió el oro para Holanda. Sokolov supera a su rival en la
apertura y se impone con cierta comodidad.} 1. d4 Nf6 2. c4 g6 3. Nc3 Bg7 4. e4
d6 5. Bd3 O-O 6. Nge2 Nc6 7. O-O e5 8. d5 Nd4 9. Rb1 c5 10. dxc6 bxc6 11. b4 {
DIAGRAMA} d5 ({Tratando de mejorar sobre su propia partida:} 11... Be6 12. Nxd4
exd4 13. Ne2 c5 14. b5 Re8 15. Bg5 h6 16. Bh4 Qc7 17. h3 Nd7 18. f4 Nb6 19. Qc2
f5 20. Ng3 Qf7 21. exf5 gxf5 22. Nxf5 Bxf5 23. Bxf5 Qxc4 24. Qd1 {con fuerte
aque y victoria final para las blancas en Aleksandrov,A-Socko,B/Warsaw 2004})
12. cxd5 cxd5 13. Bg5 dxe4 14. Nxe4 Bb7 15. Nxd4 exd4 16. Rc1 Qb6 17. Nc5 Rfe8
18. a4 Nd5 19. Nxb7 Qxb7 20. Qf3 $16 {Las blancas han logrado clara ventaja
posicional que pronto se transformará en ventaja material.} {DIAGRAMA} Rab8 21.
Be4 $1 Rxe4 22. Qxe4 Nc3 23. Qxb7 Rxb7 24. Rfe1 h6 25. Bd2 Rxb4 26. Re8+ Kh7
27. Re7 Kg8 28. Rxa7 Rxa4 29. Rxa4 Nxa4 30. Rc8+ Kh7 31. Rc6 Nc3 32. f3 Nd5 33.
Kf2 Nf6 34. Rd6 h5 35. Ke2 Bh8 36. Rxd4 {
y las blancas ganaron jugadas más tarde.} 1-0

[Event "15th ETC Women"]
[Site "Gothenburg SWE"]
[Date "2005.08.04"]
[Round "6"]
[White "Stefanova, Antoaneta"]
[Black "Vega Gutierrez, Sabrina"]
[Result "1-0"]
[WhiteElo "2501"]
[BlackElo "2262"]
[PlyCount "79"]
[EventDate "2005.07.30"]
[EventType "team"]
[EventRounds "9"]
[EventCountry "SWE"]
[Source "EDAMI"]
[SourceDate "2006.12.20"]

1. d4 d5 2. c4 e6 3. Nf3 c6 4. Qc2 dxc4 5. Qxc4 Nf6 6. Bg5 Be7 7. Nbd2 b6 8. e3
Ba6 9. Qc2 Bxf1 10. Nxf1 O-O 11. Ng3 Nd5 12. Bxe7 Qxe7 13. O-O c5 14. dxc5 Rc8
15. e4 {DIAGRAMA} Nf6 $6 ({Mejor parece} 15... Rxc5 16. Qd2 Nf6) 16. e5 Nd5 17.
Ne4 Nd7 18. c6 Nc5 $5 ({Si} 18... Nb4 19. Qd2 Nxc6 20. Qf4 $36 {
las blancas tienen buenas posibilidades en el flanco de rey.}) 19. Nfg5 ({Si} 
19. Nxc5 Rxc6 $11) ({Más fuerte podría ser} 19. Nd4 $1 Nb4 20. Qe2 Nxc6 21.
Nxc6 Rxc6 22. Nd6 $14) 19... h6 20. Nxc5 ({A un juego muy complejo conduce} 20.
Nf6+ $5 Nxf6 21. exf6 Qxf6 22. Qh7+ Kf8 23. Nf3 $13) 20... Qxg5 21. Nd3 Ne7 22.
c7 Nd5 23. Qc6 Nxc7 24. f4 Qf5 25. Qf3 {DIAGRAMA} Nb5 ({
Recuerdo que mientras veía en directo la partida me pareció que la natural} 
25... Nd5 $5 {
debería bastar a las negras para conseguir una buena posición ya que el avance}
26. g4 Qg6 27. f5 $6 {me parecía dudoso.} ({Si} 27. Rac1 Rxc1 28. Rxc1 Rd8 $36
{las negras tienen la iniciativa.}) {Efectivamente tras} 27... Qg5 {
las blancas no deben aceptar el peón:} 28. fxe6 $2 fxe6 29. Qf7+ Kh8 30. Qxe6
Qe3+ 31. Nf2 Nf4 32. Qb3 Rc3 $3 {Preciosa jugada de obstrucción.} 33. bxc3 Qf3
{con mate imparable.}) {
La jugada hecha por Sabrina es sin embargo también bastante fuerte.} 26. g4 $6
{Dada la diferencia de elo resulta comprensible que la búlgara juegue a ganar,
pero este avance tiene serios inconvenientes.} ({
Mejor era una dosis de prudencia con} 26. Rad1 $11) 26... Qg6 27. Nf2 $6 ({
Más consecuente era} 27. f5 exf5 28. Qxf5 Qxf5 29. gxf5 Rc2 $11 {
aunque el final no presenta el menor problema para las negras.}) 27... Nd4 28.
Qe4 Qxe4 29. Nxe4 Rc2 $6 {No es una mala jugada pero} ({con} 29... Ne2+ $1 {
Sabrina podría haber puesto contra las cuerdas a su poderosa rival.} 30. Kg2 $1
(30. Kh1 Rc4 $1 $17) 30... Rc2 31. Kf3 Rxb2 32. Rf2 Nd4+ 33. Kg3 Rxf2 34. Kxf2
Rc8 35. Rd1 Rc4 36. h4 $15 {La ventaja de espacio en el flanco de rey concede
ciertas esperanzas a las blancas.}) 30. Rf2 Rac8 31. Nc3 {DIAGRAMA} b5 $6 {
El avance de este peón traerá problemas a la jugadora española.} ({
Mejor era atacar directamente el centro blanco con} 31... f6 $1 $11 {
tras lo cuál las negras podrán activar su rey hacia el centro.}) 32. Rd1 Rxf2
33. Kxf2 Rc4 34. Rd2 b4 35. Ne4 {DIAGRAMA} b3 $2 ({Era ya prioritario atacar
la cadena de peones blanca por cualquier medio disponible, por ejemplo} 35...
Nc6 36. Ke3 g5 $1 $132 {con contrajuego suficiente.}) 36. axb3 Nxb3 37. Rd8+
Kh7 38. Ke3 {Ahora el caballo negro ha quedado desplazado y su monarca
encerrado en la espesura del flanco de rey. La ventaja blanca es clara.} Rc7
39. h4 Na5 40. Nd6 $18 {y las blancas ganaron poco más tarde.} 1-0

[Event "15th ETC Women"]
[Site "Gothenburg SWE"]
[Date "2005.08.06"]
[Round "8"]
[White "Kosteniuk, Alexandra"]
[Black "Chiburdanidze, Maya"]
[Result "0-1"]
[WhiteElo "2516"]
[BlackElo "2509"]
[Annotator "Illescas, M"]
[PlyCount "82"]
[EventDate "2005.07.30"]
[EventType "team"]
[EventRounds "9"]
[EventCountry "SWE"]
[Source "EDAMI"]
[SourceDate "2006.12.20"]

{Se puede hablar de un choque de generaciones: la excampeona mundial Maia
Chiburdanidze con 44 años todavía es un hueso duro de roer para las jóvenes
leonas. Su rival, la rusa Kosteniuk de 21 años, cometió en esta partida un
solo error que sin embargo fue suficiente para decantar el match a favor de
Georgia.} 1. e4 c6 2. d4 d5 3. Nd2 dxe4 4. Nxe4 Bf5 5. Ng3 Bg6 6. h4 h6 7. Nf3
Nd7 8. h5 Bh7 9. Bd3 Bxd3 10. Qxd3 e6 11. Bf4 Bb4+ 12. c3 Be7 13. O-O-O Ngf6
14. Kb1 Qa5 15. Ne5 {DIAGRAMA} Nxe5 $6 $146 {Una novedad dudosa que permite a
las blancas alterar favorablemente la estructura de peones.} ({Se había jugado
} 15... O-O 16. Nxd7 Nxd7 17. Ne4 Qf5 18. Bc1 Rad8 19. f3 e5 20. g4 Qh7 21. d5
Nc5 22. Nxc5 Bxc5 23. Qxh7+ Kxh7 24. dxc6 bxc6 25. Rxd8 Rxd8 26. Kc2 $14 {
Karjakin,S-Novik,M/FIDE.com 2002}) 16. dxe5 $1 Rd8 17. Qe2 Nd5 18. Bc1 Qb5 $6 {
Esta jugada hará perder a las negras valiosos tiempos.} ({
Seguramente era mejor enrocar de una vez aunque tras} 18... O-O 19. Ne4 $14 {
me gusta más la posición de las blancas.}) 19. Qc2 $1 {
Por supuesto las blancas desean conservar las damas.} Nb6 20. f4 O-O 21. b3 $1
{Una medida profiláctica antes de lanzar la ofensiva. Evita el doblaje enemigo
por medio de Rd5 que ahora se encontraría con c4!} a5 22. c4 Qa6 23. f5 $1 {
DIAGRAMA  Las blancas han tomado la delantera en la carrera de ataques en
flancos opuestos pero Chiburdanidze jugará sus bazas abriendo la columna a.} a4
$1 24. f6 $1 {Kosteniuk no cede la iniciativa fácilmente.} axb3 25. axb3 $2 {
Pero aquí se equivoca haciendo la jugada natural.} ({Tras} 25. Qxb3 $1 {
parece que las blancas llegan antes con su ataque, por ejemplo:} Rxd1 26. Rxd1
gxf6 27. Bxh6 Ra8 28. Ne4 $1 Kh7 29. exf6 Bxf6 30. Be3 Bd8 31. Rxd8 Rxd8 32.
Bxb6 {ganando}) 25... Ra8 {Ahora las blancas deben gastar un tiempo para
defender lo cuál será aprovechado eficazmente por la georgiana.} 26. Qb2 Ba3 $1
27. Qa2 Bxc1 ({Se podía intentar} 27... Nxc4 $5 {
pero Chiburdanidze prefiere evitar complicaciones y jugar un final mejor.}) 28.
Qxa6 Rxa6 29. Kxc1 gxf6 30. exf6 Ra3 $1 {DIAGRAMA  Empieza a ponerse de
manifiesto la ventaja negra. El peón de b3 no tiene defensa adecuada.} 31. Rh4
({Si} 31. Kc2 Nxc4 $1) 31... Rxb3 32. Rg4+ Kh8 33. Kc2 Rb4 34. Kc3 $6 ({
Resistía más} 34. Rb1 $1) 34... c5 $19 {
Ahora ya el resto es cuestión de técnica.} 35. Rd3 Nd5+ $1 36. Kd2 Nxf6 37. Rf4
Nd5 $1 38. Rg4 b5 39. Rf3 bxc4 40. Rg6 c3+ 41. Kc1 Ra8 0-1